00545nam a22001697a 4500003000500000005001700005008004100022010001000063011001000073035001000083040000900093100002900102245012600131500005800257505002500315650003500340CHAP20220329140941.0971013s r 00010 d a60309 a61281 a65445 cCHAP00aRzedowski Rotter, Jerzy.1 aNota sobre la flora y la vegetación de San Luis Potosí. I. Algunas novedades florísticas de la parte sur del estado aSobretiro de : Ciencia (Méx.) 15(4-5) : 89-96, 19550 gLa biblioteca tiene:14aBotánicaxSan Luis Potosí.